| 000 | 00550nam a22001817a 4500 | ||
|---|---|---|---|
| 005 | 20250424103508.0 | ||
| 008 | 230818b |||||||| |||| 00| 0 eng d | ||
| 020 | _a978-1-4511-0431-8 | ||
| 041 | _aeng | ||
| 082 | _a616.7 KEN-M | ||
| 100 |
_aKENDALL, FLORENCE PETERSON AND McCREQRY, ELIZABETH KENDALL & PROVANCE,PATRICIA GEISE _98634 |
||
| 245 | _aMUSCLES TESTING AND FUNCTION WITH POSTURE AND PAIN | ||
| 250 | _a5TH, ED. 2005 | ||
| 260 |
_aLIPPINCOTT WILLIAMS & WILKINS _bPHILADELPHIA _c2005 |
||
| 300 | _a480;p | ||
| 650 | _aBPT | ||
| 942 | _cBK | ||
| 999 |
_c8401 _d8399 |
||